KHABAR (Record no. 6798)
[ view plain ]
| 000 -LEADER | |
|---|---|
| fixed length control field | 00585nam a22001457a 4500 |
| 020 ## - INTERNATIONAL STANDARD BOOK NUMBER | |
| ISBN | 978-93-5390-007-9 |
| 082 ## - DEWEY DECIMAL CLASSIFICATION NUMBER | |
| Item number | MEE/K |
| 100 ## - MAIN ENTRY--AUTHOR NAME | |
| Personal name | MEERA K.R |
| 245 ## - TITLE STATEMENT | |
| Title | KHABAR |
| 260 ## - PUBLICATION, DISTRIBUTION, ETC. (IMPRINT) | |
| Place of publication | KOTTAYAM |
| Name of publisher | DC BOOKS |
| Year of publication | 2023 |
| 300 ## - PHYSICAL DESCRIPTION | |
| Number of Pages | 104 |
| 520 ## - SUMMARY, ETC. | |
| Summary, etc | Bhavana sees rainbows and snakes. She has visions of her ancestor, Yogishwaran Ammavan, come back to haunt her. She is tormented by the unfinished, unresolved stories of two girls/goddesses who are part of the legend surrounding Ammavan. The surreal becomes commonplace in the fascinating landscape of Qabar. |
| 650 ## - SUBJECT ADDED ENTRY--TOPICAL TERM | |
| Topical Term | NOVEL |
| 942 ## - ADDED ENTRY ELEMENTS (KOHA) | |
| Koha item type | Books |
| Withdrawn status | Lost status | Collection code | Home library | Current library | Shelving location | Date acquired | Source of acquisition | Cost, normal purchase price | Full call number | Accession Number | Koha item type |
|---|---|---|---|---|---|---|---|---|---|---|---|
| Non-fiction | Main Library | Main Library | NEW SHELF WITH NEW ENTRY | 27/09/2023 | Purchase | 130.00 | MEE/K | 12850 | Books |